| 000 | 00598nam a2200157 a 4500 | ||
|---|---|---|---|
| 001 | 000043102 | ||
| 005 | 20201002040635.0 | ||
| 008 | 140219s1993 sp a 000 0 spa d | ||
| 020 | _a8474839351 | ||
| 040 |
_aDO-SdBNP _bspa _cBNPHU |
||
| 245 | 0 | 0 |
_aCatalogo de las Monedas Antiguas de Oro del Museo Arqueologico Nacional / _cCarmen Alfaro Asins. |
| 260 |
_aMadrid : _bDireccion general de bellas artes y archivos _bMuseo arqueológico nacional (Madrid), _c1993. |
||
| 300 |
_a390 p. : _bil. ; _c30 cm. |
||
| 700 | 1 |
_aAlfaro Asins, Carmen _970628 |
|
| 710 | 2 |
_aMuseo arqueológico nacional (Madrid) _970629 |
|
| 999 |
_c42591 _d42591 |
||